| 000 | 00529nam a2200193Ia 4500 | ||
|---|---|---|---|
| 003 | GCL | ||
| 008 | 140319s9999 xx 000 0 eng d | ||
| 040 |
_aGCL / _cGCL |
||
| 082 | 0 | 4 |
_a501 _bC P |
| 100 | 1 | _aCOMTE, AUGUSTE | |
| 245 | 1 | 0 |
_aPHILOSOPHIE DES SCIENCES / _cCOMTE, AUGUSTE |
| 700 | 1 | _aGRANGE, JULIETTE | |
| 260 |
_a[S.N] : _bGALLIMARD ، _c1996 |
||
| 300 | _a462 P | ||
| 650 | 0 | 4 | _aالادب السويسرى |
| 650 | 0 | 4 | _aالبنوك - محاسبة |
| 650 | 0 | 4 | _aالتزويد ( مكتبات ) |
| 942 |
_2ddc _cBK |
||
| 999 |
_c15788 _d15788 |
||